00727nam a2200193 a 4500008004100000040002500041041000800066044001100074080005500085080003200140100002600172245004300198250001200241260009400253300002100347500011500368600004300483020000700526960124s1965||||[C 0 slo c aSNKbslocSNKeAACR21 aslo axocSK a92 Andraščík, J.+885.4-2 Andraščík, J. a885.4-2 Andraščík, J.1 aSedlák, Imrich4aut10aJán AndraščíkcImrich Sedlák a1. vyd. aKošicebVýchodoslov. vydav.c1965eS.l.Východoslov. tlač.fVýchodoslov. tlač. a79, [3] s.c8ř aLit. Bibl. Pozn. k text. úprave. Odkazy na lit. Fot. Frontispice. Slovník menej známych slov. Reg. mien.1 aAndraščík, Ján - o ňom>2SNK c10